|
|
|
|
| LEADER |
00000nam a2200000 a 4500 |
| 001 |
vtls001463998 |
| 003 |
SK-MaSNL |
| 005 |
20260301073423.0 |
| 008 |
031126s2002 RU 0 rus |
| 020 |
|
|
|a 5819201302
|
| 035 |
|
|
|a SNK000419303
|
| 040 |
|
|
|a SNK
|b slo
|c SNK
|e AACR2
|
| 044 |
|
|
|a RU
|
| 072 |
|
7 |
|a 821.161.1
|x Ruská literatúra
|2 konspekt
|
| 080 |
|
|
|a 013
|2 1981
|
| 080 |
|
|
|a 016
|2 1981
|
| 080 |
|
|
|a 821.161.1
|2 1981
|
| 080 |
|
|
|a 821.161.1-051
|2 1981
|
| 080 |
|
|
|a 82.0
|2 1981
|
| 080 |
|
|
|a (01)
|2 1981
|
| 245 |
1 |
|
|a Russkije pisateli. Poety
|b (sovetskij period)
|c [sostaviteli: A. P. Aksenkin (rukovoditel' gruppy) ... [et al.]
|n 14, V. V. Majakovskij : biobibliografičeskij ukazatel'
|n Čast' 2, vypusk 1
|p Literatura o žizni i tvorčestve V. V. Majakovskogo (1909-1930)
|
| 250 |
|
|
|a [1. izd.]
|
| 260 |
|
|
|a Sankt-Peterburg
|b Rossijskaja nacional'naja biblioteka
|c 2002
|
| 300 |
|
|
|a 207 s.
|c 22 cm
|
| 650 |
0 |
7 |
|a literárna veda
|2 SNK
|9 1137
|
| 650 |
0 |
7 |
|a ruská poézia
|2 SNK
|9 66518
|
| 650 |
0 |
7 |
|a ruskí spisovatelia
|2 SNK
|9 3768
|
| 655 |
|
7 |
|a neperiodické bibliografie
|2 SNK
|9 60408
|
| 655 |
|
7 |
|a odborné bibliografie
|2 SNK
|9 70558
|
| 655 |
|
7 |
|a bibliografie
|2 SNK
|9 28668
|
| 700 |
1 |
|
|a Aksenkin, A. P.
|4 zos
|9 394440
|
| 919 |
|
|
|a 5-8192-0130-2
|
| 999 |
|
|
|c 644178
|d 646108
|
| 952 |
|
|
|t P60, <04>, [BOOK], {604}
|a SNK
|b SNK
|y VYP
|7 0
|p 17A0410064
|o snkIC 129346/14/2/1
|i snkV 171/2004
|g 8.30
|0 0
|1 0
|4 0
|d 2003-11-26
|l 0
|r 2005-01-02 00:00:00
|w 2026-02-23
|